000
00302nam a2200097Ia 4500
005
20250424112839.0
008
250424s9999 xx 000 0 und d
300
_a
ix, 127 p. :ill. ; 28 cm.
650
_a
Vocational education--Nigeria--Periodicals. Technical education--Nigeria--Periodicals.
942
_c
SR
999
_c
37479
_d
37479